Nehrus of India (Record no. 153829)

MARC details
000 -LEADER
fixed length control field 00437nam a22001457a 4500
008 - FIXED-LENGTH DATA ELEMENTS--GENERAL INFORMATION
fixed length control field 180711b xxu||||| |||| 00| 0 eng d
035 ## - SYSTEM CONTROL NUMBER
System control number 493577
040 ## - CATALOGING SOURCE
Original cataloging agency DPL
Language of cataloging EN
082 ## - DEWEY DECIMAL CLASSIFICATION NUMBER
Classification number 920
Item number LAM
100 ## - MAIN ENTRY--PERSONAL NAME
Personal name Lamb, Beatrice Pitney
245 ## - TITLE STATEMENT
Title Nehrus of India
Remainder of title three generations of leadership
Statement of responsibility, etc /by Beatrice Pitney Lamb
260 ## - PUBLICATION, DISTRIBUTION, ETC. (IMPRINT)
Place of publication, distribution, etc New York
Name of publisher, distributor, etc Macmillan
Date of publication, distribution, etc 1967
300 ## - PHYSICAL DESCRIPTION
Extent 276p.
Dimensions 20cm.
942 ## - ADDED ENTRY ELEMENTS (KOHA)
Source of classification or shelving scheme Dewey Decimal Classification
Item type English Books
Classification part 909
Call number suffix LAM
Holdings
Withdrawn status Lost status Source of classification or shelving scheme Damaged status Not for loan Collection code Home library Current library Shelving location Date acquired Source of acquisition Cost, normal purchase price Total Checkouts Full call number Barcode Date last seen Cost, replacement price Koha item type
    Dewey Decimal Classification     Non-fiction Patel Nagar Patel Nagar General Stacks 11/07/2018 BPPD/Pub 0.00   909 LAM 493577 11/07/2018 0.00 English Books

© Delhi Public Library
Hit Counter
free hit counter